Technologické inovácie v službách diplomová práca

Enregistré dans:
Détails bibliographiques
Auteur principal: Polák, Dávid
Collectivité auteur: Obchodná fakulta EU. Katedra služieb a cestovného ruchu - zrušené
Autres auteurs: Benešová, Dana, 1958-
Format: Livre
Langue:slovaque
Publié: Bratislava 2017
Tags: Ajouter un tag
Pas de tags, Soyez le premier à ajouter un tag!

MARC

LEADER 00000nbm a2200000 4500
001 0230833
005 20170814113201.6
041 0 |a slo 
044 |a SK 
245 1 0 |a Technologické inovácie v službách  |b diplomová práca  |c Dávid Polák ; školiteľ: Dana Benešová 
264 1 |a Bratislava  |c 2017 
300 |a 61 s. 
100 1 |a Polák, Dávid 
700 1 |a Benešová, Dana, 1958- 
710 2 |a Obchodná fakulta EU. Katedra služieb a cestovného ruchu - zrušené